000 00645nam a2200205Ia 4500
001 15011
003 GE_BSU
008 181216s||||||||xx |||||||||||||| ||und||
040 _cGE_BSU
080 _a510(075.3)
100 _aБолтянский,В.Г. Сидоров,Ю.В. Шабунин,М.И.
245 _aЛекции и задачи по элементарной математике
245 _cРед.А.Ф.Лапко
260 _aМосква
260 _bНаука
260 _c1972
300 _a591стр.22см.
653 _aЛекции и задачи по элементарной математике
942 _cBK
999 _c48130
_d48130